LEADER 00971nam a2200241 i 4500 001 000000168169 003 CaOOAMICUS 005 20080206000000.0 008 080206s2008 it u000 u ita u 013 $a145571 020 $a978-88-311-7337-7 040 $aSeMil$bita 100 1 $aPolselli, Antonio.$0(OLS)http://semarc/name/63158 245 10$aDon Andrea Santoro :$ble eredità /$cAntonio Polselli. 260 $aRoma :$bCittà Nuova,$c2008. 300 $a156 p., [4] p. di fotogr. ;$c21 cm. 600 14$aSantoro, Andrea .$0(OLS)http://semarc/subject/31204 850 $aSeMil 852 $aSeMil$W1$xVenegono$y1$m3G I 240$j119258$B119258$CSeMilBibl$Z2$F133356 $81 961 $aAcquisto: Città Nuova (Agente) 996 $6020$a978-88-311-7337-7$9(OLS)http://semarc/number/154896 996 $6245$aDon Andrea Santoro :$ble eredità$9(OLS)http://semarc/title/240582 996 $6260$aRoma :$bCittà Nuova$9(OLS)http://semarc/publisher/29609 LEADER 01185nam a2200181 i 4500 001 000000055675 003 CaOOAMICUS 005 19970709000000.0 008 970709n it u000 u ita u 013 $a26847 040 $aSeMil$bita 100 1 $aLombardi, Guido.$0(OLS)http://semarc/name/28025 245 13$aLa Tomba di Rahel :$bH. Farah W. Farah presso Anatot : la sua relazione con la Bibbia e la questione della Tomba di Rahel (Gen 35,16-20 ; 1 Sam 10,2-5 ; Ger 31,15 ; Mich 5,1). Jerusalem : Franciscan Printing Press, [imprim. 1971]. (Pubblicazioni dello Studium Biblicum Fr. 650 4$aTesi di laurea.$0(OLS)http://semarc/subject/1690 650 4$aBibbia. Antico Testamento - Commentari, studi, critica, interpretazioni.$0(OLS)http://semarc/subject/2 850 $aSeMil 852 $aSeMil$W1$xVenegono$y1$m2I III 71$j21829$B21829$CSeMilBibl$Z2$F21831 $81 996 $6245$aLa Tomba di Rahel :$bH. Farah W. Farah presso Anatot : la sua relazione con la Bibbia e la questione della Tomba di Rahel (Gen 35,16-20 ; 1 Sam 10,2-5 ; Ger 31,15 ; Mich 5,1). Jerusalem : Franciscan Printing Press, [imprim. 1971]. (Pubblicazioni dello Studium Biblicum Fr$9(OLS)http://semarc/title/86401